000 00575nam a2200193Ia 4500
003 GCL
008 140319s9999 xx 000 0 ara d
040 _aGCL /
_cGCL
082 0 4 _aد
_b050
100 1 _aحسن البنا عزالدين
245 1 0 _aالشفاهية والكتابة ( عالم المعرفة 182 ) /
_cحسن البنا عزالدين
700 1 _aاونج, والتر
300 _a365 ص
490 _aعالم المعرفة
_v0
650 0 4 _aالخطابة
650 0 4 _aالكتابة
650 0 4 _aاللغة العربية
942 _2ddc
_cBK
999 _c50323
_d50323